00678nam a22002177a 450000500170000001000170001702000230003402000260005703500170008303700190010008200060011910000210012524500730014626000370021927000560025630000300031249000420034250000450038465000120042970000190044120111219165921.0 aB-481894-903 a8181466519c200.00 a9788181466518c200.00 aB-481894-903 bBlue Berry/Ven aS aAnjali Raghbeer aA trail of paint /cby Anjali Raghbeer; illustrated by Soumya Menon  aChennaibTulika Publishersc2009 a13, Prithvi Avenue, AbhiramaourambChennaie600 018 aunpagedbill.c23cm(pbk)  aLooking at art; edited by Jamini Roy  ainspired by the diaries of young Amrita  aStories a Menon, Soumya